نواۓ آرزو / (Record no. 189519)

MARC details
000 -LEADER
fixed length control field 00641nam a22001937a 4500
005 - DATE AND TIME OF LATEST TRANSACTION
control field 20220704125418.0
010 ## - LCCN (DPL NO)
LC control number UR-11620
020 ## - INTERNATIONAL STANDARD BOOK NUMBER
International Standard Book Number 9789391238148
Terms of availability 25.00
035 ## - SYSTEM CONTROL NUMBER
System control number U-10175
037 ## - SOURCE OF ACQUISITION
Source of stock number/acquisition DBAD/PUB
Stock number -
082 ## - DEWEY DECIMAL CLASSIFICATION NUMBER
Classification number 841
245 ## - TITLE STATEMENT
Title نواۓ آرزو /
Statement of responsibility, etc ترتیب و تہذیب - شاہد اقبال
Medium ا ر د و
246 ## - VARYING FORM OF TITLE
Title proper/short title Nawa-E-Aarzoo /
Remainder of title compiled by Shahid Iqbal
260 ## - PUBLICATION, DISTRIBUTION, ETC. (IMPRINT)
Place of publication, distribution, etc New Delhi
Name of publisher, distributor, etc Educational Publishing House
Date of publication, distribution, etc 2021 ء
270 ## - ADDRESS
Address H.O. D1/16, Ansari Road, Daryaganj
City New Delhi
Postal code 110002
300 ## - PHYSICAL DESCRIPTION
Extent 96 ص
Dimensions 22cm(pbk)
700 ## - ADDED ENTRY--PERSONAL NAME
Personal name شاہد اقبال
942 ## - ADDED ENTRY ELEMENTS (KOHA)
Source of classification or shelving scheme Dewey Decimal Classification
Item type Urdu Bks
Classification part 841
Call number suffix ن و ا
Holdings
Withdrawn status Lost status Not for loan Collection code Home library Current library Date acquired Source of acquisition Cost, normal purchase price Full call number Barcode Copy number Cost, replacement price Koha item type
      Non-fiction Central Library Central Library 04/07/2022 DBAD/PUB 25.00 841 ن و ا U-10175 1 25.00 Urdu Bks

© Delhi Public Library
Hit Counter
free hit counter